Normal view
MARC view
- BASIC MANUFACTURING PROCESSES
Entry Topical Term
001 - CONTROL NUMBER
- control field: 77466
003 - CONTROL NUMBER IDENTIFIER
- control field: NUST
005 - DATE AND TIME OF LATEST TRANSACTION
- control field: 20210628205921.0
008 - FIXED-LENGTH DATA ELEMENTS
- fixed length control field: 210628|| aca||aabn | a|a d
040 ## - CATALOGING SOURCE
- Original cataloging agency: NUST
- Transcribing agency: NUST
150 ## - HEADING--TOPICAL TERM
- Topical term or geographic name entry element: BASIC MANUFACTURING PROCESSES
670 ## - SOURCE DATA FOUND
- Source citation: Work cat.: (NUST): Ostwald. Philip.F Amstead, B. H Begeman, Myron.L 77465, Manufacturing processes si version, 1976
